00226pab a2200085 454500008003600000245004200036650003700078650001100115773001400126180718b xxu||||| |||| 00| 0 eng d aCharter for CBI: New staute is a must a Central Bureau of Investigation aPolice aStatesman